000 00516 a2200181 4500
003 OSt
005 20231205112445.0
008 231205b |||||||| |||| 00| 0 eng d
020 _a978812643659o
040 _coclc
082 _a920
_bJOH/K
100 _aJohnson
_910033
245 _aKutiyante Kumbasaaram:
_bOru Madyaasaktharogiyute Aathmakatha /
_cJohnson
250 _a6th ed.
260 _aKottayam:
_bD C Books,
_c2021.
300 _a592p.
942 _2ddc
_cBK
_h920
_iJOH/K
_k920
_mJOH/K
999 _c43980
_d43980